[Event "SLO-chT 33rd"]
[Site "Slovenia"]
[Date "2023.10.22"]
[Round "9.5"]
[White "Sakelsek, Tadej"]
[Black "Kotnik, Simon"]
[Result "1-0"]
[WhiteElo "2421"]
[BlackElo "1924"]
[PlyCount "65"]
[EventDate "2023.09.22"]
[EventType "team-tourn"]
[EventRounds "9"]
[EventCountry "SLO"]
[SourceTitle "EXT 2025"]
[Source "ChessBase"]
[SourceDate "2024.10.14"]
[SourceVersion "1"]
[SourceVersionDate "2024.10.14"]
[SourceQuality "1"]
[WhiteTeam "Maribor Poligram"]
[BlackTeam "Slovenska Bistrica"]
[WhiteTeamCountry "SLO"]
[BlackTeamCountry "SLO"]

1. d4 Nf6 2. Nf3 e6 3. c4 d5 4. Nc3 Be7 5. Bf4 c6 6. e3 0-0 7. Rc1 Nh5 8. Bd3 Nxf4 9. exf4 dxc4 10. Bxc4 c5 11. dxc5 Bxc5 12. Bd3 Nc6 13. 0-0 h6 14. Qe2 Qe7 15. Ne5 Bd7 16. Qe4 g6 17. h4 Nxe5 18. fxe5 Bc6 19. Qf4 Rad8 20. Be4 Rd4 21. h5 gxh5 22. Rfe1 Qg5 23. Qxg5+ hxg5 24. Bxc6 bxc6 25. Ne4 Bb6 26. Rxc6 Kg7 27. Re2 g4 28. Kh2 h4 29. f3 gxf3 30. gxf3 Rd3 31. Rg2+ Kh6 32. Nf6 Rxf3 33. Rc4 1-0

[Event "SLO-chT1 East"]
[Site "Sentjur"]
[Date "2013.10.27"]
[Round "9"]
[White "Kotnik, Simon"]
[Black "Spelec, Darko"]
[Result "0-1"]
[WhiteElo "1970"]
[BlackElo "2027"]
[PlyCount "124"]
[EventDate "2013.10.17"]
[EventType "team-tourn"]
[EventRounds "9"]
[EventCountry "SLO"]
[SourceTitle "EXT 2015"]
[Source "ChessBase"]
[SourceDate "2014.11.20"]
[SourceVersion "1"]
[SourceVersionDate "2014.11.20"]
[SourceQuality "1"]

1. d4 Nf6 2. c4 e6 3. Nc3 Bb4 4. Qb3 Nc6 5. Nf3 0-0 6. e3 d6 7. Be2 Qe7 8. 0-0 Bxc3 9. bxc3 e5 10. Ba3 e4 11. Nd2 b6 12. Qb5 Bd7 13. Qg5 h6 14. Qh4 Rfe8 15. g4 Nxg4 16. Qg3 Qg5 17. Kh1 Nf6 18. Rg1 Qxg3 19. Rxg3 Kh7 20. Rag1 g6 21. h3 Ne7 22. Kh2 Nf5 23. R3g2 Rg8 24. Bd1 Rae8 25. Bc2 Nh4 26. Rg3 Nh5 27. Nxe4 f5 28. Nd2 g5 29. Rg4 Kh8 30. Rxh4 gxh4 31. Rxg8+ Kxg8 32. Nf3 Nf6 33. Nxh4 Ne4 34. Bxe4 fxe4 35. Ng6 Be6 36. d5 Bd7 37. Nf4 Kf7 38. Kg1 Rg8+ 39. Kf1 Kf6 40. Bc1 Rg5 41. Bd2 Ke7 42. Be1 Kf7 43. f3 exf3 44. Kf2 b5 45. Kxf3 bxc4 46. Bf2 Re5 47. e4 a6 48. Bg3 Re8 49. Bh4 Rb8 50. Ke3 Rb2 51. Bd8 Rb7 52. Kd4 Ke8 53. Bf6 Rb2 54. Kxc4 Rxa2 55. Ne6 Bxe6 56. dxe6 Rb2 57. Kd5 a5 58. Kc6 a4 59. Kxc7 a3 60. c4 Rb1 61. Kxd6 a2 62. c5 Rd1+ 0-1

[Event "SLO-chT1 East"]
[Site "Sentjur"]
[Date "2013.10.26"]
[Round "8"]
[White "Amon, Nejc"]
[Black "Kotnik, Simon"]
[Result "1-0"]
[WhiteElo "1866"]
[BlackElo "1970"]
[PlyCount "57"]
[EventDate "2013.10.17"]
[EventType "team-tourn"]
[EventRounds "9"]
[EventCountry "SLO"]
[SourceTitle "EXT 2015"]
[Source "ChessBase"]
[SourceDate "2014.11.20"]
[SourceVersion "1"]
[SourceVersionDate "2014.11.20"]
[SourceQuality "1"]

1. e4 c5 2. Nf3 d6 3. d4 cxd4 4. Nxd4 Nf6 5. Nc3 a6 6. g3 b5 7. Bg2 Bb7 8. 0-0 e6 9. a3 Qc7 10. Bg5 Be7 11. Bxf6 Bxf6 12. Ndxb5 axb5 13. Nxb5 Qb6 14. Nxd6+ Ke7 15. Nxb7 Ra7 16. e5 Bxe5 17. Qe2 Bc7 18. Qe4 Nd7 19. Qb4+ Kf6 20. Qxb6 Bxb6 21. Rfd1 Ne5 22. Nd6 Rc7 23. c3 h5 24. a4 h4 25. a5 Bc5 26. Ne4+ Ke7 27. Nxc5 Rxc5 28. a6 hxg3 29. hxg3 1-0

[Event "SLO-chT1 West"]
[Site "Sentjur"]
[Date "2009.11.08"]
[Round "9"]
[White "Doganic, Maja"]
[Black "Kotnik, Simon"]
[Result "1/2-1/2"]
[WhiteElo "1818"]
[BlackElo "1959"]
[PlyCount "50"]
[EventDate "2009.10.22"]
[EventType "team-tourn"]
[EventRounds "9"]
[EventCountry "SLO"]
[SourceTitle "EXT 2010"]
[Source "ChessBase"]
[SourceDate "2010.11.25"]
[SourceVersion "1"]
[SourceVersionDate "2010.11.25"]
[SourceQuality "1"]

1. e4 c5 2. Nf3 d6 3. d4 cxd4 4. Nxd4 Nf6 5. Nc3 a6 6. a4 e6 7. Be2 Be7 8. 0-0 0-0 9. Be3 b6 10. Kh1 Bb7 11. f3 Nbd7 12. Qe1 Rc8 13. Qg3 Kh8 14. Rfd1 Qc7 15. Nb3 d5 16. Qxc7 Rxc7 17. exd5 Nxd5 18. Bd2 N7f6 19. Bd3 Bd6 20. Nxd5 Nxd5 21. c3 Be5 22. Re1 Bf4 23. Rad1 Bxd2 24. Rxd2 Rd8 25. Be4 Rcd7 1/2-1/2

[Event "SLO Cup"]
[Site "Otocec"]
[Date "2009.05.23"]
[Round "3"]
[White "Kotnik, Simon"]
[Black "Debevec, Blaz"]
[Result "0-1"]
[WhiteElo "1893"]
[BlackElo "1975"]
[PlyCount "74"]
[EventDate "2009.05.22"]
[EventType "tourn"]
[EventRounds "5"]
[EventCountry "SLO"]
[SourceTitle "CBM 130 Extra"]
[Source "ChessBase"]
[SourceDate "2009.07.02"]
[SourceVersion "2"]
[SourceVersionDate "2009.07.15"]
[SourceQuality "1"]

1. f4 d5 2. Nf3 c6 3. b3 Nf6 4. Bb2 g6 5. e3 Bg7 6. Be2 Bg4 7. 0-0 0-0 8. d3 Nbd7 9. Nbd2 Qb6 10. Bd4 c5 11. Bb2 Rac8 12. c4 Qe6 13. Ne5 Bxe2 14. Qxe2 Nxe5 15. Bxe5 Nd7 16. cxd5 Qxd5 17. e4 Qc6 18. Bxg7 Kxg7 19. Nc4 b5 20. Ne3 Nb6 21. Qg4 Kh8 22. Rf3 Rg8 23. Rh3 Qd6 24. Rd1 a5 25. Qh4 Rg7 26. Rg3 f6 27. Qg4 Rcg8 28. h4 e6 29. Kh1 h6 30. Qf3 f5 31. h5 g5 32. exf5 gxf4 33. Rxg7 Rxg7 34. Ng4 exf5 35. Nf2 Nd5 36. Nh3 Rg3 37. Qe2 f3 0-1

[Event "SLO-chT1 East"]
[Site "Celje"]
[Date "2008.12.20"]
[Round "8"]
[White "Brinovec, Franc"]
[Black "Kotnik, Simon"]
[Result "1/2-1/2"]
[WhiteElo "2112"]
[BlackElo "1893"]
[PlyCount "37"]
[EventDate "2008.11.20"]
[EventType "tourn"]
[EventRounds "9"]
[EventCountry "SLO"]
[SourceTitle "EXT 2010"]
[Source "ChessBase"]
[SourceDate "2010.11.25"]
[SourceVersion "1"]
[SourceVersionDate "2010.11.25"]
[SourceQuality "1"]

1. c4 Nf6 2. b3 e6 3. Bb2 d5 4. e3 Be7 5. Nf3 0-0 6. Nc3 c6 7. d4 Nbd7 8. Bd3 Qc7 9. Qc2 b6 10. 0-0 a6 11. Rac1 Bb7 12. h3 h6 13. Ne5 dxc4 14. Nxc4 b5 15. Nd2 Qb6 16. Nde4 c5 17. dxc5 Nxc5 18. Nxc5 Qxc5 19. Ne4 1/2-1/2

[Event "SLO-chT1 East"]
[Site "Celje"]
[Date "2008.12.12"]
[Round "2"]
[White "Plahuta, Darko"]
[Black "Kotnik, Simon"]
[Result "0-1"]
[WhiteElo "2101"]
[BlackElo "1893"]
[PlyCount "102"]
[EventDate "2008.11.20"]
[EventType "tourn"]
[EventRounds "9"]
[EventCountry "SLO"]
[SourceTitle "EXT 2010"]
[Source "ChessBase"]
[SourceDate "2010.11.25"]
[SourceVersion "1"]
[SourceVersionDate "2010.11.25"]
[SourceQuality "1"]

1. d4 Nf6 2. c4 e6 3. Nc3 d5 4. Nf3 c6 5. e3 Bd6 6. b3 Nbd7 7. Bb2 0-0 8. Bd3 e5 9. cxd5 cxd5 10. dxe5 Nxe5 11. Nxe5 Bxe5 12. Qd2 d4 13. exd4 Qxd4 14. Nd1 Qd6 15. Be2 Qxd2+ 16. Kxd2 Rd8+ 17. Bd3 Bf5 18. Bxe5 Rxd3+ 19. Kc1 Nd5 20. Kb2 Rc8 21. Re1 Rd2+ 22. Ka3 Rc6 23. Nc3 Ra6+ 24. Na4 f6 25. Rad1 Rxd1 26. Rxd1 Be6 27. Kb2 fxe5 28. Nc5 Rxa2+ 29. Kxa2 Nc3+ 30. Ka3 Nxd1 31. Nxe6 Nxf2 32. Nd8 e4 33. Kb2 b6 34. Kc2 e3 35. Nc6 a5 36. Ne5 b5 37. Nc6 a4 38. bxa4 bxa4 39. Nd4 g6 40. Kc3 Kf7 41. Kb4 Kf6 42. Kxa4 Ke5 43. Nf3+ Ke4 44. Kb3 Kd3 45. Kb4 e2 46. Kc5 g5 47. h3 h5 48. g4 hxg4 49. hxg4 Nxg4 50. Kd5 Ne3+ 51. Ke5 g4 0-1

[Event "SLO-chT2 East"]
[Site "Brezice Maribor"]
[Date "2007.06.09"]
[Round "4"]
[White "Kotnik, Simon"]
[Black "Krstic, Ljubisa"]
[Result "1-0"]
[WhiteElo "1854"]
[BlackElo "1979"]
[PlyCount "64"]
[EventDate "2007.05.26"]
[EventType "tourn"]
[EventRounds "9"]
[EventCountry "SLO"]
[SourceTitle "EXT 2010"]
[Source "ChessBase"]
[SourceDate "2010.11.25"]
[SourceVersion "1"]
[SourceVersionDate "2010.11.25"]
[SourceQuality "1"]

1. e4 c5 2. c3 d6 3. d4 Nf6 4. Bd3 g6 5. Ne2 Bg7 6. 0-0 0-0 7. Ng3 Nc6 8. d5 Ne5 9. Bc2 b5 10. Nd2 c4 11. h3 Rb8 12. Qe2 Qb6 13. Kh1 h5 14. f4 Ned7 15. Nf3 a5 16. Be3 Qc7 17. Bd4 Ba6 18. e5 Nxd5 19. Nxh5 Bh6 20. e6 Nxf4 21. Nxf4 Bxf4 22. exd7 Qxd7 23. Rad1 Rbd8 24. Nd2 Bh6 25. Ne4 Bb7 26. Be3 Bg7 27. Bg5 Qc8 28. Rfe1 Be5 29. Bh6 Bg7 30. Bxg7 Kxg7 31. Qe3 Rh8 32. Kg1 Rh5 1-0

[Event "SLO Cup final"]
[Site "Rogla"]
[Date "2002.06.09"]
[Round "4"]
[White "Kotnik, Simon"]
[Black "Buzeti, Jernej"]
[Result "1/2-1/2"]
[WhiteElo "1784"]
[BlackElo "1587"]
[PlyCount "131"]
[EventDate "2002.06.07"]
[EventType "swiss"]
[EventRounds "5"]
[EventCountry "SLO"]
[SourceTitle "EXT 2008"]
[Source "ChessBase"]
[SourceDate "2007.11.25"]
[SourceVersion "1"]
[SourceVersionDate "2007.11.25"]
[SourceQuality "1"]

1. e4 c5 2. Nf3 e6 3. d4 cxd4 4. Nxd4 Nc6 5. Be3 a6 6. a3 Qc7 7. Bd3 Nf6 8. f3 b5 9. 0-0 Bb7 10. Nd2 Nxd4 11. Bxd4 Bc5 12. Bxc5 Qxc5+ 13. Kh1 0-0 14. Nb3 Qc7 15. Qe1 e5 16. Qh4 h6 17. Rae1 Rfe8 18. g4 Nh7 19. Qh5 Qd8 20. Qh3 Rc8 21. Qg3 d5 22. Nd2 dxe4 23. Nxe4 Nf6 24. h4 Nd5 25. g5 h5 26. Nf6+ Nxf6 27. gxf6 Qxf6 28. Re3 Rc7 29. Rg1 Rce7 30. Be4 Bxe4 31. fxe4 g6 32. Rf3 Qc6 33. Qg5 Kh7 34. Qg2 Rc7 35. c3 Re6 36. Rgf1 Qe8 37. Qf2 Kg7 38. Rd3 Rd7 39. Rfd1 Rxd3 40. Rxd3 Rf6 41. Rf3 Rxf3 42. Qxf3 Qe6 43. Qg3 f5 44. Qe3 Qc6 45. Kg1 fxe4 46. Qa7+ Kf6 47. Qb8 Kf5 48. Qf8+ Qf6 49. Qc8+ Kf4 50. Qh3 Qb6+ 51. Kf1 Qe3 52. Qh2+ Qg3 53. Qxg3+ Kxg3 54. b3 Kf4 55. c4 bxc4 56. bxc4 Kf5 57. Ke2 Ke6 58. Ke3 Kd6 59. Kxe4 Kc5 60. Kxe5 Kxc4 61. Kf6 Kd5 62. Kxg6 Ke5 63. Kxh5 Kf5 64. Kh6 Kf6 65. h5 a5 66. a4 1/2-1/2